[Event "Guernsey Open"]
[Site "Guernsey GCI"]
[Date "2008.10.21"]
[Round "3"]
[White "Fassaert, DJM."]
[Black "Cummins, John M"]
[Result "1/2-1/2"]
[WhiteElo "2002"]
[BlackElo "1919"]
[PlyCount "60"]
[EventDate "2008.10.19"]
[SourceDate "2006.10.28"]

1. Nf3 Nf6 2. d4 e6 3. Bg5 Be7 4. e3 b6 5. Bd3 Bb7 6. Nbd2 d6 7. c3 Nbd7 8. Qe2
h6 9. Bh4 Nh5 10. Bxe7 Qxe7 11. O-O O-O 12. Ne1 Nhf6 13. f4 d5 14. Nef3 c5 15.
Ne5 Ne4 16. Nxd7 Qxd7 17. Rad1 Nxd2 18. Rxd2 f5 19. Rc1 c4 20. Bc2 Bc6 21. Qd1
b5 22. Qe1 Qe7 23. a3 a6 24. Bd1 Be8 25. Bf3 Ra7 26. h3 Kh8 27. Kh2 Qf6 28. g3
g6 29. Rg2 Rg7 30. Qf2 Qd8 1/2-1/2

[Event "Guernsey Open"]
[Site "Guernsey GCI"]
[Date "2008.10.21"]
[Round "3"]
[White "Morcom, Hugh C"]
[Black "Blijlevens, Pim"]
[Result "1-0"]
[WhiteElo "1978"]
[BlackElo "1849"]
[PlyCount "49"]
[EventDate "2008.10.19"]
[SourceDate "2006.10.28"]

1. e4 g6 2. d4 f6 3. h4 d5 4. h5 g5 5. exd5 Qxd5 6. Nc3 Qf7 7. Be2 Nh6 8. d5 e5
9. dxe6 Bxe6 10. Nf3 Bc5 11. Ne4 Be7 12. Nd4 Bd5 13. Nb5 Bb4+ 14. c3 Bxe4 15.
cxb4 Bxg2 16. Rg1 Bc6 17. Qd4 Rf8 18. Bxg5 Nf5 19. Qf4 Nd6 20. Nxd6+ cxd6 21.
Bh6 Rg8 22. Rxg8+ Qxg8 23. Qxf6 Qg1+ 24. Bf1 Bb5 25. O-O-O 1-0

[Event "Guernsey Open"]
[Site "Guernsey GCI"]
[Date "2008.10.21"]
[Round "3"]
[White "Badenhop, WEH."]
[Black "De Graaf, Arnoud"]
[Result "0-1"]
[WhiteElo "1900"]
[BlackElo "1785"]
[PlyCount "36"]
[EventDate "2008.10.19"]
[SourceDate "2006.10.28"]

1. c4 Nf6 2. Nc3 g6 3. g3 Bg7 4. Bg2 O-O 5. d3 c6 6. e4 d6 7. Nge2 e5 8. O-O
Nbd7 9. Rb1 Nc5 10. b4 Ne6 11. a4 Nh5 12. b5 Qc7 13. Be3 f5 14. exf5 gxf5 15.
f4 exf4 16. Nxf4 Nhxf4 17. Bxf4 Nxf4 18. Rxf4 Bxc3 0-1

[Event "Guernsey Open"]
[Site "Guernsey GCI"]
[Date "2008.10.21"]
[Round "3"]
[White "Brookfield, Toby"]
[Black "Gravett, Alan D"]
[Result "1/2-1/2"]
[WhiteElo "1763"]
[BlackElo "1948"]
[PlyCount "64"]
[EventDate "2008.10.19"]
[SourceDate "2006.10.28"]

1. e4 c5 2. Nf3 d6 3. d4 Nf6 4. Nc3 cxd4 5. Nxd4 a6 6. f4 Qc7 7. Qf3 g6 8. Be3
Bg7 9. h3 O-O 10. g4 b5 11. g5 Nh5 12. Nd5 Qa5+ 13. Bd2 Qd8 14. Nb3 Nc6 15.
O-O-O e6 16. Nb4 Na5 17. Nxa5 Qxa5 18. Be2 Bb7 19. Qd3 Nxf4 20. Qe3 Nxe2+ 21.
Qxe2 Qc7 22. Kb1 a5 23. Nd3 Qc4 24. Rhe1 b4 25. Bf4 e5 26. Bg3 a4 27. c3 bxc3
28. Rc1 Ba6 29. Rxc3 Qb5 30. Qd2 Rac8 31. Rec1 Qa5 32. Nf2 Rxc3 1/2-1/2

[Event "Guernsey Open"]
[Site "Guernsey GCI"]
[Date "2008.10.21"]
[Round "3"]
[White "Goris Schouwstra, Adri"]
[Black "Heath, Jeffrey"]
[Result "1-0"]
[WhiteElo "1943"]
[BlackElo "1925"]
[PlyCount "65"]
[EventDate "2008.10.19"]
[SourceDate "2006.10.28"]

1. d4 d5 2. Nf3 Nf6 3. e3 c6 4. Be2 Bf5 5. O-O e6 6. c4 Nbd7 7. Nc3 dxc4 8.
Bxc4 Be7 9. b3 Nb6 10. Be2 Nbd5 11. Bb2 Nxc3 12. Bxc3 Ne4 13. Bb2 O-O 14. Nd2
Nxd2 15. Qxd2 Qb6 16. Bf3 Rad8 17. Qe2 Bf6 18. Rac1 Rd7 19. Rfd1 Rfd8 20. h3 h6
21. Qc4 Be7 22. a3 a6 23. b4 Rc8 24. e4 Bg6 25. d5 exd5 26. exd5 Bg5 27. Ra1 c5
28. h4 Bf6 29. Bxf6 gxf6 30. h5 Qd6 31. hxg6 fxg6 32. Re1 b5 33. Qc2 1-0

[Event "Guernsey Open"]
[Site "Guernsey GCI"]
[Date "2008.10.21"]
[Round "3"]
[White "Bridel, Jon R"]
[Black "Viviani, Primo"]
[Result "0-1"]
[WhiteElo "1482"]
[BlackElo "1939"]
[PlyCount "72"]
[EventDate "2008.10.19"]
[SourceDate "2006.10.28"]

1. b3 d5 2. Bb2 Nf6 3. e3 c5 4. Nf3 Bg4 5. d4 e6 6. Be2 Nbd7 7. O-O b6 8. Nbd2
Be7 9. c4 O-O 10. Qc2 Bh5 11. Rfe1 Rc8 12. e4 dxc4 13. bxc4 cxd4 14. Bxd4 Qc7
15. Bd3 e5 16. Bb2 Ne8 17. Qc3 f6 18. Rec1 Bf7 19. Ba3 Bxa3 20. Qxa3 Nc5 21.
Be2 Nd6 22. Qe3 Qb7 23. Bd3 Rfd8 24. Ne1 Qd7 25. Rc3 Ndb7 26. Rac1 Rc6 27. Nb3
Rd6 28. Nxc5 Nxc5 29. Be2 Ne6 30. Bg4 Qb7 31. Qe2 Rd2 32. Qf3 Ng5 33. Qe3 Qxe4
34. Qxe4 Nxe4 35. Ra3 Nxf2 36. Bf3 e4 0-1

[Event "Guernsey Open"]
[Site "Guernsey GCI"]
[Date "2008.10.22"]
[Round "4"]
[White "Hillarp Persson, Tiger"]
[Black "Timmermans, Ivo"]
[Result "1-0"]
[WhiteElo "2543"]
[BlackElo "2226"]
[PlyCount "69"]
[EventDate "2008.10.19"]
[SourceDate "2006.10.28"]

1. d4 d5 2. c4 c6 3. Nf3 Nf6 4. e3 e6 5. Bd3 Nbd7 6. O-O Be7 7. b3 O-O 8. Bb2
b6 9. Nc3 Bb7 10. Qe2 Rc8 11. Rad1 Qc7 12. Ne5 Nxe5 13. dxe5 Nd7 14. f4 Rfe8
15. Rf3 g6 16. Rdf1 Bf8 17. h4 dxc4 18. Bxc4 b5 19. Bd3 Nc5 20. h5 b4 21. Ne4
Nxe4 22. Bxe4 c5 23. Bxb7 Qxb7 24. e4 c4 25. bxc4 Qa6 26. hxg6 fxg6 27. f5 Qxc4
28. Qe1 g5 29. Kh1 Qxa2 30. Bc1 h6 31. f6 Red8 32. Qg3 Qc2 33. Bxg5 Kh7 34. f7
Rd1 35. Bf6 1-0

[Event "Guernsey Open"]
[Site "Guernsey GCI"]
[Date "2008.10.22"]
[Round "4"]
[White "Hamperl, Fred A"]
[Black "Kurajica, Bojan"]
[Result "0-1"]
[WhiteElo "2076"]
[BlackElo "2540"]
[PlyCount "56"]
[EventDate "2008.10.19"]
[SourceDate "2006.10.28"]

1. e4 c5 2. Nc3 a6 3. f4 b5 4. Nf3 Bb7 5. d3 d6 6. g3 b4 7. Ne2 c4 8. Be3 Nf6
9. Bg2 Nbd7 10. h3 e5 11. O-O Qc7 12. g4 h6 13. Ng3 d5 14. fxe5 dxe4 15. dxe4
Nxe5 16. Nxe5 Qxe5 17. Bf4 Bc5+ 18. Kh2 Qe6 19. Nf5 O-O 20. Bxh6 gxh6 21. Nxh6+
Kh7 22. g5 Qe5+ 23. Kh1 Qxg5 24. Rxf6 Qxf6 25. Nf5 Qg5 26. h4 Qg6 27. Qe2 Rg8
28. Bf3 Rae8 0-1

[Event "Guernsey Open"]
[Site "Guernsey GCI"]
[Date "2008.10.22"]
[Round "4"]
[White "Wismayer, Clive R"]
[Black "Spraggett, Kevin"]
[Result "0-1"]
[WhiteElo "2111"]
[BlackElo "2597"]
[PlyCount "62"]
[EventDate "2008.10.19"]
[SourceDate "2006.10.28"]

1. e4 c5 2. Nf3 Nc6 3. Bb5 e6 4. O-O Nge7 5. c3 a6 6. Ba4 b5 7. Bc2 Bb7 8. Re1
Rc8 9. d3 Ng6 10. Nbd2 Be7 11. Nf1 O-O 12. d4 cxd4 13. cxd4 Nb4 14. Bb1 Qc7 15.
Ne3 Nf4 16. Qd2 f5 17. Nxf5 exf5 18. Qxf4 Qxf4 19. Bxf4 Nc2 20. Bxc2 Rxc2 21.
exf5 Bb4 22. Reb1 Rxf5 23. Be3 Bxf3 24. gxf3 Rxf3 25. a4 bxa4 26. Rxa4 a5 27.
Kf1 Kf7 28. h3 Rxh3 29. Kg1 Rf3 30. Rd1 h6 31. Rd3 Rcxf2 0-1

[Event "Guernsey Open"]
[Site "Guernsey GCI"]
[Date "2008.10.22"]
[Round "4"]
[White "Spice, Alan"]
[Black "Wallace, Paul Anthony"]
[Result "0-1"]
[WhiteElo "2173"]
[BlackElo "2259"]
[PlyCount "126"]
[EventDate "2008.10.19"]
[SourceDate "2006.10.28"]

1. Nc3 d5 2. e4 d4 3. Nce2 g6 4. c3 c5 5. cxd4 cxd4 6. Nf3 Bg7 7. Ng3 Nf6 8.
Bc4 O-O 9. O-O Nc6 10. h3 a6 11. a3 b5 12. Ba2 Nd7 13. d3 Nc5 14. Qc2 Qd6 15.
Bd2 Bd7 16. Rac1 Na4 17. Bd5 Rac8 18. Qb1 Qb8 19. Ne2 Qb6 20. b3 Nc5 21. Bxc6
Bxc6 22. Nfxd4 Bb7 23. Be3 Qd6 24. Rfd1 e5 25. Nf3 Ne6 26. b4 f5 27. Bc5 Nxc5
28. Rxc5 Rxc5 29. bxc5 Qxc5 30. Qb3+ Kh8 31. Ng5 Qe7 32. Ne6 Qf7 33. Nc1 Rc8
34. Nc5 Qxb3 35. N1xb3 Ba8 36. exf5 gxf5 37. Nxa6 Bf8 38. Nb4 Rc3 39. Rb1 Kg7
40. f3 Kf6 41. Rb2 Bxb4 42. axb4 Rxd3 43. Nc5 Rd1+ 44. Kf2 f4 45. Ke2 Rg1 46.
Kf2 Rd1 47. Ra2 Bd5 48. Ra6+ Kf5 49. Rd6 Bxf3 50. Rh6 Bd5 51. Rh5+ Kf6 52. Nd7+
Kg6 53. Rh4 h5 54. Nxe5+ Kg5 55. Ng6 Kxg6 56. Rxf4 Rd2+ 57. Ke3 Rxg2 58. Rd4
Bc4 59. Kf4 Rf2+ 60. Kg3 Rb2 61. Kh4 Rxb4 62. Rf4 Ra4 63. Kg3 Be6 0-1

[Event "Guernsey Open"]
[Site "Guernsey GCI"]
[Date "2008.10.22"]
[Round "4"]
[White "Burrows, Martin P"]
[Black "Minnican, Alan William"]
[Result "1/2-1/2"]
[WhiteElo "2196"]
[BlackElo "2086"]
[PlyCount "90"]
[EventDate "2008.10.19"]
[SourceDate "2006.10.28"]

1. e4 Nc6 2. d4 d5 3. e5 f6 4. f4 Nh6 5. Nf3 Bf5 6. Bb5 Qd7 7. c3 a6 8. Be2 e6
9. Nbd2 Be7 10. Nf1 Be4 11. Ng3 f5 12. O-O O-O 13. Kh1 Kh8 14. Be3 Nf7 15. Qd2
h6 16. Nxe4 dxe4 17. Ng1 Rad8 18. Rad1 Rg8 19. Nh3 Kh7 20. Rg1 Nb8 21. Qc2 b5
22. b3 Qc6 23. Qc1 Nd7 24. c4 Nb6 25. cxb5 Qxc1 26. Bxc1 axb5 27. Bxb5 Nd5 28.
Bc4 g5 29. Bxd5 Rxd5 30. Be3 Rgd8 31. Rc1 Rc8 32. Rc6 Nd8 33. Rc4 Kg6 34. Rgc1
c6 35. Kg1 Ra8 36. R1c2 Ra3 37. Ra4 Rxa4 38. bxa4 c5 39. dxc5 Nc6 40. Kf1 Rd3
41. Ke2 Ra3 42. g3 Rxa4 43. Nf2 gxf4 44. gxf4 Ra6 45. Nd1 Nb4 1/2-1/2

[Event "Guernsey Open"]
[Site "Guernsey GCI"]
[Date "2008.10.22"]
[Round "4"]
[White "Collier, David O"]
[Black "Bisby, Daniel L"]
[Result "0-1"]
[WhiteElo "2089"]
[BlackElo "2287"]
[PlyCount "56"]
[EventDate "2008.10.19"]
[SourceDate "2006.10.28"]

1. d4 g6 2. c4 Nf6 3. f3 Bg7 4. e4 O-O 5. Nc3 d6 6. Be3 Nc6 7. Qd2 a6 8. Rc1
Re8 9. Nge2 b5 10. cxb5 axb5 11. Nxb5 Rxa2 12. Na3 e5 13. Rxc6 exd4 14. Bxd4
Nxe4 15. fxe4 Qh4+ 16. Kd1 Bh6 17. Be3 Qxe4 18. Bxh6 Qxc6 19. Qc3 Ra1+ 20. Kd2
Qd5+ 21. Nd4 Qh5 22. Qxc7 Qxh6+ 23. Kc3 Qe3+ 24. Bd3 Rxh1 25. Qxd6 Bg4 26. Ndc2
Rc1 27. Kb4 Qd2+ 28. Kb5 Bf5 0-1

[Event "Guernsey Open"]
[Site "Guernsey GCI"]
[Date "2008.10.22"]
[Round "4"]
[White "Goater, Kevin P"]
[Black "Van Ingen, Ton"]
[Result "1/2-1/2"]
[WhiteElo "2205"]
[BlackElo "2051"]
[PlyCount "69"]
[EventDate "2008.10.19"]
[SourceDate "2006.10.28"]

1. d4 Nf6 2. Nc3 d5 3. Bg5 e6 4. e3 Nbd7 5. a3 c6 6. f4 Be7 7. Nf3 h6 8. Bh4
O-O 9. Bd3 Ne8 10. Bxe7 Qxe7 11. Qd2 Nd6 12. g4 c5 13. Qg2 c4 14. Be2 b5 15. h4
f5 16. g5 Kh7 17. Rg1 Rg8 18. gxh6 g6 19. h5 Qe8 20. Ng5+ Kh8 21. hxg6 Qxg6 22.
Qh1 Nf6 23. O-O-O Qe8 24. Rg2 Bd7 25. Rdg1 Qe7 26. Nb1 Raf8 27. Nf3 Rxg2 28.
Rxg2 Rg8 29. Rxg8+ Nxg8 30. Ne5 Be8 31. Bh5 Qh7 32. Bxe8 Nxe8 33. Qh5 Ngf6 34.
Qg5 Qg8 35. Nc3 1/2-1/2

[Event "Guernsey Open"]
[Site "Guernsey GCI"]
[Date "2008.10.22"]
[Round "4"]
[White "Ozanne, M."]
[Black "Cornelisse, Johnny JA"]
[Result "0-1"]
[WhiteElo "2042"]
[BlackElo "2203"]
[PlyCount "58"]
[EventDate "2008.10.19"]
[SourceDate "2006.10.28"]

1. e4 d6 2. d4 Nf6 3. Nc3 g6 4. f4 Bg7 5. a3 O-O 6. Nf3 b6 7. e5 Nfd7 8. Bc4 e6
9. h4 d5 10. Bd3 c5 11. Nb5 a6 12. Nd6 cxd4 13. h5 Nc6 14. hxg6 hxg6 15. Ng5
Ndxe5 16. fxe5 Nxe5 17. Ndxf7 Nxf7 18. Bxg6 Nh6 19. Rxh6 Bxh6 20. Qh5 Qc7 21.
Nf3 Bxc1 22. Rxc1 Qg3+ 23. Kf1 Ra7 24. Kg1 Rg7 25. Ng5 Qe3+ 26. Kh2 Qf4+ 27. g3
Qd2+ 28. Kh3 e5+ 29. g4 Bxg4+ 0-1

[Event "Guernsey Open"]
[Site "Guernsey GCI"]
[Date "2008.10.22"]
[Round "4"]
[White "Dijksterhuis, Rolf"]
[Black "Reijneveld, Ad"]
[Result "1/2-1/2"]
[WhiteElo "2040"]
[BlackElo "2196"]
[PlyCount "34"]
[EventDate "2008.10.19"]
[SourceDate "2006.10.28"]

1. e4 c5 2. Nf3 g6 3. d4 cxd4 4. Nxd4 Bg7 5. Nc3 Nc6 6. Be3 Nf6 7. Bc4 O-O 8.
f3 Qb6 9. Bb3 Nxe4 10. Nd5 Qa5+ 11. c3 Nf6 12. Nxc6 dxc6 13. Nxe7+ Kh8 14. Nxc8
Raxc8 15. O-O Rcd8 16. Qc2 Nd5 17. Bxd5 Rxd5 1/2-1/2

[Event "Guernsey Open"]
[Site "Guernsey GCI"]
[Date "2008.10.22"]
[Round "4"]
[White "Spanton, Timothy"]
[Black "Havenaar, Jan"]
[Result "1/2-1/2"]
[WhiteElo "1982"]
[BlackElo "2170"]
[PlyCount "112"]
[EventDate "2008.10.19"]
[SourceDate "2006.10.28"]

1. e4 g6 2. c4 Bg7 3. Nc3 c5 4. Nge2 Nc6 5. d3 d6 6. g3 Bg4 7. Bg2 Nd4 8. h3
Bf3 9. O-O Bxg2 10. Kxg2 e6 11. Nxd4 Bxd4 12. Qa4+ Kf8 13. Be3 Bg7 14. Rad1 Qb6
15. Qc2 Ne7 16. Rb1 Nc6 17. b3 Nd4 18. Qd1 Qc6 19. Bxd4 Bxd4 20. Ne2 Bg7 21. b4
cxb4 22. Rxb4 Ke7 23. Qb3 b6 24. a4 Rhc8 25. Rb1 f5 26. f3 fxe4 27. dxe4 Be5
28. Qe3 Kf7 29. Qh6 Kg8 30. h4 Bg7 31. Qg5 Qc5 32. Qg4 Re8 33. Nf4 Kf7 34. h5
gxh5 35. Nxh5 Bh6 36. f4 Qe3 37. f5 Qg5 38. fxe6+ Ke7 39. Qf5 Qg6 40. a5 Rf8
41. Qd5 Qxe6 42. axb6 Be3 43. Qb7+ Qd7 44. Qxd7+ Kxd7 45. bxa7 Kc6 46. Rb7 h6
47. R1b5 Rf2+ 48. Kh3 Rxa7 49. Rxa7 Bxa7 50. Nf4 Bc5 51. e5 Rc2 52. e6 Rxc4 53.
Rb8 Re4 54. Rd8 Be3 55. Rc8+ Kb7 56. Re8 Bxf4 1/2-1/2

[Event "Guernsey Open"]
[Site "Guernsey GCI"]
[Date "2008.10.22"]
[Round "4"]
[White "Brown, Tom"]
[Black "Taylor, Mark V"]
[Result "1-0"]
[WhiteElo "1966"]
[BlackElo "2146"]
[PlyCount "87"]
[EventDate "2008.10.19"]
[SourceDate "2006.10.28"]

1. d4 e6 2. c4 f5 3. Nf3 Nf6 4. g3 Be7 5. Bg2 O-O 6. O-O d6 7. Nc3 a5 8. b3 Ne4
9. Bb2 Bf6 10. Qc2 Nxc3 11. Bxc3 Nc6 12. e4 fxe4 13. Qxe4 Qe7 14. Rfe1 Bd7 15.
Qc2 Qf7 16. Re2 Rae8 17. Rae1 b6 18. Qd2 Qh5 19. h4 h6 20. Ne5 dxe5 21. dxe5
Bxe5 22. Bxe5 Nxe5 23. Rxe5 Qf7 24. Be4 Rd8 25. Bb1 Qf3 26. Be4 Qf6 27. Qe2 Bc8
28. Bg2 Rd6 29. Bh3 Kf7 30. c5 Rc6 31. Qb5 Rxc5 32. Rxc5 bxc5 33. Qxc5 Kg8 34.
Qe3 Kh8 35. Re2 Qa1+ 36. Kh2 Qd1 37. Qd2 Qa1 38. Qxa5 Bb7 39. Bg2 Bxg2 40. Kxg2
Rd8 41. Qxc7 Rd1 42. Qc8+ Kh7 43. Qxe6 Rg1+ 44. Kf3 1-0

[Event "Guernsey Open"]
[Site "Guernsey GCI"]
[Date "2008.10.22"]
[Round "4"]
[White "Bellin, Robert"]
[Black "Hickman, John E"]
[Result "1-0"]
[WhiteElo "2405"]
[BlackElo "1989"]
[PlyCount "43"]
[EventDate "2008.10.19"]
[SourceDate "2006.10.28"]

1. e4 d6 2. d4 Nf6 3. Nc3 g6 4. f4 Bg7 5. e5 Nfd7 6. Nf3 O-O 7. Qe2 c5 8. d5
Na6 9. e6 fxe6 10. dxe6 Nf6 11. Ng5 Qa5 12. Bd2 Nb4 13. Kd1 a6 14. a3 Nh5 15.
Nf7 Rxf7 16. exf7+ Kxf7 17. g4 Nf6 18. h3 d5 19. Bg2 Be6 20. Re1 Ne4 21. Bxe4
dxe4 22. Qxe4 1-0

[Event "Guernsey Open"]
[Site "Guernsey GCI"]
[Date "2008.10.22"]
[Round "4"]
[White "Broek, Thomas"]
[Black "Jamieson, Ian"]
[Result "1-0"]
[WhiteElo "2229"]
[BlackElo "2013"]
[PlyCount "31"]
[EventDate "2008.10.19"]
[SourceDate "2006.10.28"]

1. Nf3 e6 2. d4 f5 3. d5 exd5 4. Qxd5 Qf6 5. e4 Ne7 6. Qc4 fxe4 7. Qxe4 d5 8.
Qe5 Qxe5+ 9. Nxe5 Nd7 10. Bf4 Nxe5 11. Bxe5 Bf5 12. Nc3 c6 13. O-O-O Ng6 14.
Bd4 Kf7 15. h3 c5 16. Bxc5 1-0

[Event "Guernsey Open"]
[Site "Guernsey GCI"]
[Date "2008.10.22"]
[Round "4"]
[White "Heppell, Ian N"]
[Black "Kamps, JW."]
[Result "1-0"]
[WhiteElo "2168"]
[BlackElo "2039"]
[PlyCount "59"]
[EventDate "2008.10.19"]
[SourceDate "2006.10.28"]

1. e4 d6 2. d4 Nf6 3. Nc3 g6 4. Bc4 Bg7 5. Qe2 c6 6. e5 Nd5 7. Bd2 Nb6 8. Bd3
d5 9. O-O-O Na6 10. a3 O-O 11. Be3 Be6 12. Nf3 f6 13. exf6 exf6 14. h4 Bg4 15.
h5 gxh5 16. Rh4 Rf7 17. Rdh1 Bf8 18. Rxh5 Bxh5 19. Rxh5 Nc4 20. Nh4 Nxe3 21.
fxe3 Rg7 22. Qf3 Qd7 23. Nf5 Rg5 24. Ne2 Rxh5 25. Qxh5 Qf7 26. Qg4+ Kh8 27. Nf4
Qg8 28. Qh5 Qg5 29. Qf7 Qg8 30. Qxb7 1-0

[Event "Guernsey Open"]
[Site "Guernsey GCI"]
[Date "2008.10.22"]
[Round "4"]
[White "Vickery, Jim"]
[Black "Downey, Keith A"]
[Result "1/2-1/2"]
[WhiteElo "2113"]
[BlackElo "1887"]
[PlyCount "39"]
[EventDate "2008.10.19"]
[SourceDate "2006.10.28"]

1. d4 Nf6 2. Nf3 e6 3. Bg5 c5 4. c3 cxd4 5. cxd4 Bb4+ 6. Nc3 h6 7. Bxf6 Qxf6 8.
e3 b6 9. Be2 Bb7 10. O-O Bxc3 11. bxc3 O-O 12. c4 d6 13. Nd2 Nd7 14. Bf3 Bxf3
15. Qxf3 Qxf3 16. Nxf3 Rac8 17. Nd2 Rc7 18. a4 Rfc8 19. Ne4 Rd8 20. Nxd6
1/2-1/2

[Event "Guernsey Open"]
[Site "Guernsey GCI"]
[Date "2008.10.22"]
[Round "4"]
[White "Goris, Ton"]
[Black "Morcom, Hugh C"]
[Result "1-0"]
[WhiteElo "2077"]
[BlackElo "1978"]
[PlyCount "65"]
[EventDate "2008.10.19"]
[SourceDate "2006.10.28"]

1. e4 c5 2. c3 d6 3. d4 Qc7 4. Nf3 a6 5. Bd3 Nc6 6. h3 Nf6 7. O-O e5 8. d5 Ne7
9. Qe2 h6 10. a4 g5 11. Rd1 Ng6 12. Nh2 Be7 13. Ng4 h5 14. Nxf6+ Bxf6 15. f3
Nf4 16. Bxf4 gxf4 17. Nd2 Rg8 18. Kh1 Bh4 19. Rg1 Bd7 20. b4 Ke7 21. bxc5 Qxc5
22. Rab1 Rab8 23. Rb4 Bxh3 24. Rc4 Qa7 25. Rc7+ Kd8 26. Rxf7 Bf2 27. Rb1 Rxg2
28. Nc4 Bg3 29. Rb6 Rxe2 30. Bxe2 Bf2 31. Rxd6+ Ke8 32. Rdf6 Qc5 33. d6 1-0

[Event "Guernsey Open"]
[Site "Guernsey GCI"]
[Date "2008.10.22"]
[Round "4"]
[White "Simmons, Matthew"]
[Black "Ruigrok, Jacques"]
[Result "1-0"]
[WhiteElo "2067"]
[BlackElo "1801"]
[PlyCount "97"]
[EventDate "2008.10.19"]
[SourceDate "2006.10.28"]

1. e4 e5 2. Nc3 Bc5 3. Bc4 Nf6 4. d3 d6 5. h3 c6 6. Bg5 Nbd7 7. Qf3 b5 8. Bb3
a5 9. a4 b4 10. Nd1 Rb8 11. Ne2 Ba6 12. O-O h6 13. Bd2 Nf8 14. Ne3 Bxe3 15.
fxe3 Bc8 16. Qg3 Rh7 17. Rad1 Be6 18. Bxe6 Nxe6 19. Qf2 Rb7 20. Ng3 Ng8 21. Nf5
g6 22. Nh4 Qg5 23. d4 Rc7 24. c3 c5 25. d5 Ng7 26. cxb4 cxb4 27. Rc1 Qd8 28.
Nxg6 f6 29. Rxc7 Qxc7 30. Rc1 Qd8 31. Qe2 Kf7 32. Nh4 Ne7 33. Qa6 Nh5 34. Nf5
Nxf5 35. exf5 Ng3 36. Rc8 Qd7 37. Rc6 Qxf5 38. Rc1 Rg7 39. Be1 Ne4 40. Rc7+ Kg6
41. Rxg7+ Kxg7 42. Qxa5 Qg5 43. Qc7+ Kg6 44. Qc1 Nc5 45. Bxb4 Nd3 46. Qd2 Nxb4
47. Qxb4 Qxe3+ 48. Kh2 e4 49. Qxd6 1-0

[Event "Guernsey Open"]
[Site "Guernsey GCI"]
[Date "2008.10.22"]
[Round "4"]
[White "Ippel, Cornelius J"]
[Black "Paardekam, Rene"]
[Result "0-1"]
[WhiteElo "2065"]
[BlackElo "1784"]
[PlyCount "64"]
[EventDate "2008.10.19"]
[SourceDate "2006.10.28"]

1. Nc3 d5 2. e4 e6 3. d4 Nf6 4. e5 Nfd7 5. f4 c5 6. Nf3 Nc6 7. Bb5 Qb6 8. Qe2
Nxd4 9. Nxd4 cxd4 10. Na4 Qa5+ 11. Bd2 Qc7 12. f5 a6 13. fxe6 axb5 14. exf7+
Kd8 15. Bg5+ Be7 16. Bxe7+ Kxe7 17. Qxb5 Qa5+ 18. Qxa5 Rxa5 19. b3 Nxe5 20. O-O
Rf8 21. Rae1 Kd6 22. Rf4 Rxf7 23. Rxd4 Bd7 24. Nc3 Bc6 25. b4 Ra3 26. Ne4+ Kc7
27. Ng5 Re7 28. b5 h6 29. bxc6 hxg5 30. Rb1 bxc6 31. Rdb4 Rxa2 32. Rb8 Rxc2 0-1

[Event "Guernsey Open"]
[Site "Guernsey GCI"]
[Date "2008.10.22"]
[Round "4"]
[White "Wagner, Ghislain"]
[Black "Thurlow, Kevin J"]
[Result "0-1"]
[WhiteElo "1862"]
[BlackElo "2062"]
[PlyCount "112"]
[EventDate "2008.10.19"]
[SourceDate "2006.10.28"]

1. Nf3 Nf6 2. c4 e6 3. g3 b6 4. Bg2 Bb7 5. Nc3 c5 6. O-O Be7 7. Re1 d5 8. cxd5
exd5 9. d4 O-O 10. Bf4 Nc6 11. Rc1 Ne4 12. dxc5 Bxc5 13. Nxe4 dxe4 14. Nd2 f5
15. Qb3+ Kh8 16. Nc4 Qf6 17. Qc3 Qe6 18. a3 Bd4 19. Qc2 Rad8 20. e3 Bf6 21. g4
g6 22. b4 Ne7 23. g5 Bg7 24. Qb1 Nd5 25. Bf1 Nxf4 26. exf4 e3 27. Nxe3 Be4 28.
Bc4 Qd6 29. Qb3 Qxf4 30. Ng2 Qxg5 31. Qg3 Qxg3 32. hxg3 Bb2 33. Rcd1 Bxa3 34.
b5 Bb4 35. Rxd8 Rxd8 36. Ra1 Rd7 37. Ne3 Bc5 38. Ng2 Kg7 39. Nf4 Kf6 40. Ne6
Bb4 41. Nf4 g5 42. Ng2 Bf3 43. Ra2 h5 44. Ne3 f4 45. gxf4 gxf4 46. Nf1 Kg5 47.
Nh2 Bd1 48. f3 Ba5 49. Rg2+ Kf6 50. Rg8 Rg7+ 51. Rxg7 Kxg7 52. Kg2 Kf6 53. Bd3
Bb3 54. Kf1 Ke5 55. Ke2 Kd4 56. Nf1 Bc4 0-1

[Event "Guernsey Open"]
[Site "Guernsey GCI"]
[Date "2008.10.22"]
[Round "4"]
[White "Prins, Jan"]
[Black "Reutimann, Hans Peter"]
[Result "1-0"]
[WhiteElo "2045"]
[BlackElo "1761"]
[PlyCount "115"]
[EventDate "2008.10.19"]
[SourceDate "2006.10.28"]

1. d4 d5 2. c4 Nf6 3. Nc3 c6 4. Nf3 Bf5 5. e3 e6 6. Qb3 Qb6 7. c5 Qc7 8. Ne5
Nbd7 9. Nxd7 Qxd7 10. f4 Be7 11. a4 h6 12. a5 O-O 13. Be2 Rab8 14. Bd2 Qc7 15.
Na4 Kh8 16. O-O Ne4 17. Qd1 g5 18. Be1 Rg8 19. Bd3 Rg7 20. Bxe4 Bxe4 21. Bg3
gxf4 22. exf4 Bh4 23. Ra3 Bxg3 24. hxg3 Rbg8 25. Qe1 Rg4 26. Nc3 Rxg3 27. Nxe4
Rxg2+ 28. Kh1 dxe4 29. Rh3 R2g6 30. Qxe4 Qxa5 31. f5 exf5 32. Qf4 Kh7 33. Qxf5
Qd2 34. Qe4 R8g7 35. b4 Qg2+ 36. Qxg2 Rxg2 37. Rhf3 Rb2 38. Rxf7 Rbg2 39. R1f6
Rb2 40. d5 Rxb4 41. Rxg7+ Kxg7 42. dxc6 bxc6 43. Rxc6 Rb7 44. Rd6 Rc7 45. c6
Kf7 46. Kg2 h5 47. Kf3 a5 48. Rh6 Kg8 49. Ke4 a4 50. Kd5 a3 51. Rxh5 Rh7 52.
Re5 a2 53. Re8+ Kf7 54. Ra8 Ke7 55. Ra7+ Kd8 56. Rxa2 Rh5+ 57. Kd6 Rh6+ 58. Kc5
1-0

[Event "Guernsey Open"]
[Site "Guernsey GCI"]
[Date "2008.10.22"]
[Round "4"]
[White "Kett, Timothy"]
[Black "Fassaert, DJM."]
[Result "1-0"]
[WhiteElo "2272"]
[BlackElo "2002"]
[PlyCount "43"]
[EventDate "2008.10.19"]
[SourceDate "2006.10.28"]

1. e4 c6 2. d4 d5 3. Nc3 dxe4 4. Nxe4 Nd7 5. Bc4 Ngf6 6. Ng5 e6 7. Qe2 Nb6 8.
Bd3 Be7 9. N1f3 O-O 10. Bd2 Nbd5 11. a3 b5 12. O-O Bb7 13. c3 a6 14. b3 h6 15.
Nxe6 fxe6 16. Qxe6+ Kh8 17. Ne5 g5 18. f4 Qc8 19. Ng6+ Kg7 20. Qe5 Rf7 21. fxg5
hxg5 22. Qxg5 1-0

[Event "Guernsey Open"]
[Site "Guernsey GCI"]
[Date "2008.10.22"]
[Round "4"]
[White "Murray, John Stephen"]
[Black "Jackson, Oliver A"]
[Result "0-1"]
[WhiteElo "2005"]
[BlackElo "2182"]
[PlyCount "76"]
[EventDate "2008.10.19"]
[SourceDate "2006.10.28"]

1. e4 c5 2. Nf3 e6 3. Nc3 a6 4. g3 d5 5. exd5 exd5 6. d4 Nf6 7. Bg2 Be7 8. O-O
c4 9. Re1 O-O 10. Bf4 Nc6 11. Ne5 Be6 12. a3 Qb6 13. Nxd5 Bxd5 14. Bxd5 Nxd5
15. Nd7 Qxd4 16. Nxf8 Bxf8 17. Qxd4 Nxd4 18. Re4 Nxf4 19. gxf4 {(=)} Rd8 20. c3
Nb3 21. Rae1 b5 22. Re8 Rxe8 23. Rxe8 g6 24. Ra8 Nc5 25. Kg2 Kg7 26. Kf3 Bd6
27. h3 Kf6 28. Ra7 Ke6 29. Ke3 h5 30. f3 f6 31. Ra8 Kf5 32. Rd8 Bxf4+ 33. Ke2
Ne6 34. Rd5+ Be5 35. Ke3 Nf4 36. Rc5 Nd3 37. Rc6 Nxb2 38. Rxa6 Nd1+ 0-1

[Event "Guernsey Open"]
[Site "Guernsey GCI"]
[Date "2008.10.22"]
[Round "4"]
[White "Von Saldern, Ruediger"]
[Black "Dennis, Nigel W"]
[Result "1-0"]
[WhiteElo "2057"]
[BlackElo "1978"]
[PlyCount "79"]
[EventDate "2008.10.19"]
[SourceDate "2006.10.28"]

1. d4 Nf6 2. Nf3 g6 3. Bf4 Bg7 4. e3 O-O 5. Bd3 c5 6. c3 cxd4 7. exd4 d6 8. O-O
Nh5 9. Be3 Bg4 10. h3 Bxf3 11. Qxf3 Nc6 12. Nd2 Qd7 13. Rad1 a6 14. Bb1 b5 15.
a3 a5 16. Ne4 b4 17. c4 bxa3 18. bxa3 Rab8 19. c5 d5 20. Nc3 e6 21. Bc2 Rb2 22.
Ba4 Rfb8 23. Bc1 R2b7 24. g4 Nf6 25. Bf4 Rc8 26. Qd3 Ne8 27. Qa6 Ra7 28. Qb6
Rb7 29. Bxc6 Rxc6 30. Qxa5 Ra7 31. Qb4 Rca6 32. a4 Rb7 33. Nb5 f6 34. Qb3 Ra5
35. Rfe1 Qc6 36. Qc2 Qa6 37. c6 Rb6 38. Rxe6 Kf7 39. Rxe8 Kxe8 40. Nc7+ 1-0